| 000 | 00624nam a22001937a 4500 | ||
|---|---|---|---|
| 003 | BD-DhUL | ||
| 005 | 20180301123335.0 | ||
| 008 | 180301s1976 bg ||||| |||| 00| 0 ben d | ||
| 040 |
_aBD-DhUL _cBD-DhUL |
||
| 082 |
_a891.443 _bABJ |
||
| 100 | 1 | _aরহমান, আবদুর | |
| 245 | 0 | 0 |
_aজীবনের কৌতুক / _cআবদুর রহমান |
| 260 |
_aঢাকা: _bশ্রাবণী, _c১৯৭৬। |
||
| 300 |
_a ১২২ পৃ. ; _c২১ সেমি. |
||
| 365 |
_aBDT _b8.00 |
||
| 650 | 4 | _aবাংলা উপন্যাস | |
| 650 | 4 | _aBengali fiction | |
| 942 |
_2ddc _cBK |
||
| 999 |
_c238772 _d238772 |
||